Catálogo

Vista normal Vista MARC

Entrada Personal Name

Número de registros utilizados en: 1

001 - CONTROL NUMBER

  • control field: 5366

003 - CONTROL NUMBER IDENTIFIER

  • control field: DLC

005 - DATE AND TIME OF LATEST TRANSACTION

  • control field: 20250918105836.0

008 - FIXED-LENGTH DATA ELEMENTS

  • fixed length control field: 170824 a|ac|n|aab||||||||||||a |n|||||||

010 ## - LIBRARY OF CONGRESS CONTROL NUMBER

  • LC control number: XX4721474‏

040 ## - CATALOGING SOURCE

  • Original cataloging agency: DLC
  • Language of cataloging: spa
  • Description conventions: rda
  • Transcribing agency: Mx-PuUPA
  • Modifying agency: DLC
  • Modifying agency: Mx-PuUPA

046 ## - SPECIAL CODED DATES

  • Birth date: 1898
  • Death date: 1948

100 1# - HEADING--PERSONAL NAME

  • Personal name: Eisenstein, Sergei M.,‏
  • Dates associated with a name: 1898-1948‏

374 ## - OCCUPATION

  • Occupation: Autor

375 ## - GENDER

  • Gender: hombre

377 ## - ASSOCIATED LANGUAGE

  • Language code: spa
  • Source of code: MARC code list for languages

400 1# - SEE FROM TRACING--PERSONAL NAME

  • Personal name: Eisenstein, S. M.‏ ‎
  • Dates associated with a name: 1898-1948‏

400 1# - SEE FROM TRACING--PERSONAL NAME

  • Personal name: Eisenstein, S.‏ ‎
  • Dates associated with a name: 1898-1948‏

400 1# - SEE FROM TRACING--PERSONAL NAME

  • Personal name: Eisenstein, Sergei Mikhailovich‏ ‎
  • Dates associated with a name: 1898-1948‏

400 1# - SEE FROM TRACING--PERSONAL NAME

  • Personal name: Eisenstein, Sergei‏ ‎
  • Dates associated with a name: 1898-1948‏

400 1# - SEE FROM TRACING--PERSONAL NAME

  • Personal name: Eisenstein, Sergio M.‏ ‎
  • Dates associated with a name: 1898-1948‏

400 1# - SEE FROM TRACING--PERSONAL NAME

  • Personal name: Eizenshtein, Sergei‏ ‎
  • Dates associated with a name: 1898-1948‏

670 ## - SOURCE DATA FOUND

  • Source citation: WWW IMDB, 09-04-2010‏ ‎
  • Information found: (Sergei M. Eisenstein; b. 1898, Riga, Russian Empire (now Latvia), d. 1948, Moscow, USSR (now Russia); birth name, Sergei Mikhailovich Eizenshtein; alternate names, S.M. Eisenstein, S. Eisenstein, Sergei Mikhailovich Eisenstein, Sergei Eisenstein, Sergei Eizenshtein; director, writer, editor, producer, actor, art director, production designer, costume designer)‏

670 ## - SOURCE DATA FOUND

  • Source citation: WWW Wikipedia, 09-04-2010‏ ‎
  • Information found: (Sergéi Eisenstein; Sergéi Mijáilovich Eizenshtéin, más conocido como Sergéi Eisenstein (en ruso: Сергей Михайлович Эйзенштейн; en letón: Sergejs Eizenšteins; Riga, Letonia; 23 de enero de 1898 – Moscú, URSS, 11 de febrero de 1948) fue un director de cine y teatro soviético de origen judío; su innovadora técnica de montaje sirvió de inspiración para el cine posterior)‏

670 ## - SOURCE DATA FOUND

  • Source citation: VIAF (Fichero de Autoridades Virtual Internacional). (España), 24 agosto 2017:
  • Information found: catálogo electrónico
  • Uniform Resource Identifier: https://goo.gl/Cm6QsN